000 00762cam a22002657a 4500
001 61554
005 20230410143547.0
008 920214s1993 sp 000 0 spa
035 _9(DLC) 92117916
020 _a8478101349
020 _a9788478101344
035 _a(OCoLC)30456111
050 1 4 _aTJ 153
_bM843f 1993
082 0 0 _a333.79
_221
049 _aGRAL
100 1 _aMorente, J. J.
_q(José Julián)
245 1 4 _aLas fuentes de energía /
_cJosé Julián Morente ; redacción, Manuel Bernabeu, Carles de Torres.
260 _aBarcelona :
_bEdibook,
_c1993.
300 _a47 p. :
_bcol. ill. ;
_c27 cm.
490 0 _aComprender la naturaleza
650 1 _aPower resources.
942 _2lcc
_cbk
994 _aC0
_bDRFGD
946 _aclperez
999 _c103940
_d103940